00730na a2200217 4500001001300000005001500013008004100028024002700069100003400096370004800130370002700178372004300205372001100248373003500259374005300294375001100347377001400358670005100372670004600423670004300469KAC20190690920190509111207190423 b aznnnaabn fa aaa 7 a00000004759133572isni1 a서강욱,g徐康旭,d1929- c한국(국명)[韓國]0KSH20000101452nlsh a경상남도 합천군 a스포츠[sports]0KSH19980010072nlsh a사격 a대한사격연맹 (부회장) a운동 선수[運動選手]0KSH19980149382nlsh a남성 l한국어 a射擊百科, (韓國女性射擊聯盟), 1985 a위키피디아uhttps://en.wikipedia.org a매일신문uhttps://news.imaeil.com/